000 00239nam a22001097a 4500
999 _c12427
_d12427
020 _a9788122436105
082 _a004.22
100 _a B. Ram
245 _aComputer Fundamentals Architecture and Organization
250 _a5th
942 _cBK